[Event "2014 Heroes Day Masters"]
[Site "?"]
[Date "2014.04.26"]
[Round "1"]
[White "Harper, Ryan"]
[Black "Warner, Delisle"]
[Result "0-1"]
[WhiteElo "2293"]
[BlackElo "2192"]
[PlyCount "110"]
[EventDate "2014.04.26"]
[SourceDate "2014.04.26"]

1. e4 b6 2. c3 Bb7 3. Bd3 Nf6 4. Qe2 e5 5. Nf3 Nc6 6. b4 d5 7. b5 Ne7 8. Nxe5
dxe4 9. Bc4 Bd5 10. O-O Ng6 11. d4 exd3 12. Bxd3 Be7 13. Rd1 Nxe5 14. Qxe5 Qd6
15. Qxd6 Bxd6 16. Re1+ Kf8 17. Ba3 Rd8 18. Bxd6+ Rxd6 19. Bf1 Re6 20. Nd2 Ke7
21. a4 Rd8 22. Nc4 Bxc4 23. Bxc4 Rxe1+ 24. Rxe1+ Kf8 25. Bf1 Rd2 26. Ra1 Ne4
27. f3 Nxc3 28. a5 bxa5 29. Rxa5 Ra2 30. Rxa2 Nxa2 31. Kf2 Ke7 32. Ke3 Kd6 33.
Kd4 Nb4 34. Bc4 c5+ 35. bxc6 Nxc6+ 36. Kc3 f6 37. Bd3 h6 38. f4 Kc5 39. Bc2 Nb4
40. Bd1 Nd5+ 41. Kb3 Nxf4 42. Bf3 Ne6 43. Kc3 a5 44. Bd1 Nf4 45. g3 Nd5+ 46.
Kd3 f5 47. Bb3 g5 48. Ba4 Nb6 49. Bb3 a4 50. Be6 a3 51. Kc3 f4 52. gxf4 gxf4
53. Ba2 Nd5+ 54. Kd2 Nb4 55. Bb1 Kd4 {White resigns} 0-1

[Event "2014 Heroes Day Masters"]
[Site "?"]
[Date "2014.04.26"]
[Round "1"]
[White "Farley, Terry"]
[Black "L'Ami, Alina"]
[Result "0-1"]
[WhiteElo "2213"]
[BlackElo "2415"]
[PlyCount "76"]
[EventDate "2014.04.26"]
[SourceDate "2014.04.26"]

1. c4 e5 2. Nc3 Nc6 3. g3 f5 4. Bg2 Nf6 5. d3 Bb4 6. Bd2 O-O 7. Nf3 d6 8. O-O
a5 9. a3 Bxc3 10. Bxc3 Bd7 11. b4 axb4 12. axb4 Rxa1 13. Qxa1 Qe7 14. b5 Nd8
15. Ne1 f4 16. Nc2 Bg4 17. Re1 Qf7 18. Nb4 Nh5 19. f3 fxg3 20. hxg3 Bd7 21.
Bxe5 dxe5 22. Qxe5 Ne6 23. Nd5 c6 24. Nb6 g6 25. bxc6 Bxc6 26. d4 Re8 27. e4
Nef4 28. Qd6 Nxg3 29. d5 Nfe2+ 30. Rxe2 Nxe2+ 31. Kf2 Nc3 32. Kg3 Na4 33. Nxa4
Bxa4 34. Bh3 Kg7 35. Be6 Qf6 36. Qc7+ Re7 37. Qf4 Qxf4+ 38. Kxf4 Rxe6 0-1

[Event "2014 Heroes Day Masters"]
[Site "?"]
[Date "2014.04.26"]
[Round "1"]
[White "Denny, Kevin"]
[Black "Amanov, Mesgen"]
[Result "1/2-1/2"]
[WhiteElo "2295"]
[BlackElo "2463"]
[PlyCount "94"]
[EventDate "2014.04.26"]
[SourceDate "2014.04.26"]

1. e4 c5 2. Nf3 d6 3. Bb5+ Nd7 4. d4 cxd4 5. Qxd4 a6 6. Bxd7+ Bxd7 7. O-O Rc8
8. Bg5 Rxc2 9. Nc3 Bc6 10. Nd5 f6 11. Be3 e6 12. Nb4 Rc5 13. Nxc6 Rxc6 14. Qa7
Qd7 15. Nd4 Rc8 16. Rac1 Ne7 17. Rxc8+ Qxc8 18. Rc1 Nc6 19. Nxc6 bxc6 20. Rc3
Be7 21. Rb3 Kf7 22. Rb7 Qe8 23. Rd7 Kf8 24. Bb6 h5 25. Rb7 Kf7 26. Bc7 Qa8 27.
Bxd6 Qxa7 28. Rxa7 Re8 29. Kf1 e5 30. Rc7 Kf8 31. Bxe7+ Rxe7 32. Rxc6 Ra7 33.
b4 Rb7 34. a3 a5 35. Rc4 axb4 36. axb4 Ke7 37. Ke2 Kd6 38. Kd3 Ra7 39. f3 Ra2
40. Rc2 Ra1 41. Kc4 Kc6 42. Rd2 Rc1+ 43. Kb3 Re1 44. Rc2+ Kb5 45. Rc5+ Kb6 46.
Rc2 Kb5 47. Rc5+ Kb6 1/2-1/2

[Event "2014 Heroes Day Masters"]
[Site "?"]
[Date "2014.04.27"]
[Round "2"]
[White "Amanov, Mesgen"]
[Black "Farley, Terry"]
[Result "1-0"]
[WhiteElo "2463"]
[BlackElo "2213"]
[PlyCount "85"]
[EventDate "2014.04.26"]
[SourceDate "2014.04.27"]

1. d4 Nf6 2. Nf3 g6 3. c4 Bg7 4. g3 O-O 5. Bg2 d6 6. O-O Nbd7 7. Nc3 e5 8. e4
c6 9. h3 exd4 10. Nxd4 Nc5 11. Re1 Re8 12. Bf4 Nh5 13. Be3 a5 14. b3 Nf6 15.
Qc2 Qe7 16. Rad1 Bd7 17. Bf4 Nh5 18. Nxc6 Bxc6 19. Bxd6 Qg5 20. h4 Qf6 21. e5
Qe6 22. Bxc6 bxc6 23. Bxc5 Qh3 24. Ne4 Bxe5 25. Ng5 Qc8 26. Qd3 h6 27. Nf3 Bg7
28. Rxe8+ Qxe8 29. Re1 Qc8 30. Bd4 Qd7 31. Qc3 Bf8 32. c5 Ng7 33. Ne5 Qd5 34.
Ng4 Nh5 35. Be3 Qf3 36. Ne5 Qd5 37. Qd4 Nf6 38. Nxg6 Qxd4 39. Bxd4 fxg6 40.
Bxf6 Bxc5 41. Rc1 Bb4 42. Rxc6 Re8 43. Bd4 1-0

[Event "2014 Heroes Day Masters"]
[Site "?"]
[Date "2014.04.27"]
[Round "?"]
[White "Warner, Delisle"]
[Black "L'Ami, Alina"]
[Result "0-1"]
[WhiteElo "2192"]
[BlackElo "2415"]
[PlyCount "102"]
[EventDate "2014.04.26"]
[SourceDate "2014.04.27"]

1. d4 Nf6 2. c4 g6 3. f3 Bg7 4. e4 d6 5. Nc3 O-O 6. Nge2 Nc6 7. Be3 a6 8. Qd2
Na5 9. Nc1 e5 10. d5 c5 11. a3 Qc7 12. Rb1 b6 13. b3 Bd7 14. Bd3 Nh5 15. N1e2
f5 16. exf5 gxf5 17. O-O Nb7 18. Bh6 Nd8 19. g4 Nf7 20. Bxg7 Nxg7 21. Qc2 Kh8
22. Ng3 fxg4 23. fxg4 Ng5 24. Nf5 Nxf5 25. Bxf5 Bxf5 26. Rxf5 Nf3+ 27. Kh1 Nd4
28. Rxf8+ Rxf8 29. Qg2 Qf7 30. Ne4 Qg6 31. Re1 Nxb3 32. g5 Rf4 33. Qh3 Nd4 34.
Qc8+ Kg7 35. Nf6 Qf7 36. Qh3 Nf3 37. Nh5+ Kg8 38. Nxf4 Nxe1 39. g6 hxg6 40.
Qc8+ Kh7 41. Qh3+ Kg7 42. Ne6+ Kg8 43. Ng5 Qe7 44. Qc8+ Kg7 45. Ne6+ Kh7 46.
Qxa6 Qf6 47. Kg1 Nd3 48. h3 e4 49. Qxb6 e3 50. Qxd6 e2 51. Nf8+ Kg8 0-1

[Event "2014 Heroes Day Masters"]
[Site "?"]
[Date "2014.04.27"]
[Round "3"]
[White "Denny, Kevin"]
[Black "Warner, Delisle"]
[Result "0-1"]
[WhiteElo "2295"]
[BlackElo "2192"]
[PlyCount "94"]
[EventDate "2014.04.26"]
[SourceDate "2014.04.27"]

1. e4 e6 2. d4 d5 3. Nd2 c5 4. exd5 Qxd5 5. dxc5 Bxc5 6. Ngf3 Nf6 7. Bc4 Qd8 8.
O-O a6 9. Qe2 Qc7 10. Nb3 Be7 11. Ne5 b5 12. Bd3 Bb7 13. Re1 O-O 14. Bf4 Bd6
15. c4 bxc4 16. Bxc4 Nd5 17. Bg3 Qb6 18. Rad1 Bb4 19. Rf1 a5 20. Bd3 g6 21. Nd2
Ba6 22. Nec4 Qa7 23. Ne5 Bxd3 24. Qxd3 Qa6 25. Ndc4 Nc6 26. Ne3 Qxd3 27. Rxd3
Nce7 28. a3 Bc5 29. Nd7 Rfc8 30. Nxc5 Rxc5 31. Bd6 Rb5 32. Bxe7 Nxe7 33. Rc1
Rxb2 34. g3 Ra7 35. Rc4 Rb5 36. Kg2 Rab7 37. Rd8+ Kg7 38. Ra8 Nd5 39. Nxd5 Rxd5
40. Ra4 Rbb5 41. g4 h5 42. h3 Rg5 43. Kg3 Rb3+ 44. Kh4 Rd5 45. gxh5 Rxh5+ 46.
Kg4 f5+ 47. Kf4 Rh4+ 0-1

[Event "2014 Heroes Day Masters"]
[Site "?"]
[Date "2014.04.27"]
[Round "3"]
[White "L'Ami, Alina"]
[Black "Amanov, Mesgen"]
[Result "1-0"]
[WhiteElo "2415"]
[BlackElo "2463"]
[PlyCount "75"]

1. d4 d5 2. c4 c6 3. Nf3 Nf6 4. Nc3 e6 5. Bg5 dxc4 6. e4 b5 7. e5 h6 8. Bh4 g5
9. Nxg5 hxg5 10. Bxg5 Nbd7 11. exf6 Bb7 12. g3 c5 13. d5 Qb6 14. Bg2 O-O-O 15.
O-O b4 16. Rb1 Qa6 17. dxe6 Bxg2 18. e7 Bxf1 19. Kxf1 (19. exd8=Q+ Kxd8 20. Nd5
Rxh2 21. Kxf1) 19... Qc6 20. exd8=Q+ Kxd8 21. Nd5 Rxh2 22. Kg1 Rh8 23. Rc1 Bd6
24. Bh4 Be5 25. Ne7 Qb7 26. Rxc4 Bxf6 27. Ng6 Rxh4 28. Nxh4 Qc6 29. b3 Kc7 30.
Qf3 Qd6 31. Rf4 Ne5 32. Qe2 Bxh4 33. Rxh4 Qd5 34. Rf4 Ng6 35. Rf6 Kd8 36. Qf3
Qxf3 37. Rxf3 Ne5 38. Rf5 1-0

[Event "2014 Heroes Day Masters"]
[Site "?"]
[Date "2014.04.27"]
[Round "2"]
[White "Harper, Ryan"]
[Black "Denny, Kevin"]
[Result "1-0"]
[WhiteElo "2293"]
[BlackElo "2295"]
[PlyCount "201"]
[EventDate "2014.04.26"]
[SourceDate "2014.04.27"]

1. e4 e5 2. Nf3 Nc6 3. Bc4 Nf6 4. d3 Bc5 5. c3 O-O 6. b4 Be7 7. Bb3 a6 8. a3 d6
9. Nbd2 Be6 10. Bxe6 fxe6 11. Ng5 Qd7 12. Nf1 h6 13. Nh3 d5 14. Qe2 Rad8 15.
Ng3 b5 16. Bb2 dxe4 17. dxe4 Ne8 18. O-O Qd2 19. Qg4 Qxb2 20. Qxe6+ Kh7 21.
Qxc6 Rf6 22. Qb7 Rb6 23. Qa7 Qxc3 24. Nf5 Bd6 25. Rfc1 Qd3 26. f3 Qb3 27. Nf2
Qe6 28. Nd3 Bf8 29. Nc5 Qc6 30. Nb3 Qd7 31. Nc5 Qc6 32. Nb3 Qd7 33. Rab1 Rdb8
34. Nc5 Bxc5+ 35. bxc5 R6b7 36. Qxa6 c6 37. Qa5 Ra7 38. Qc3 Qe6 39. Rd1 Rba8
40. Rb3 Ra4 41. Ne3 Qf7 42. Ng4 Rd4 43. Rdb1 Qe6 44. Rb4 Rad8 45. Ne3 Rd3 46.
Qc1 Qa2 47. Ng4 Qe2 48. Nf2 Rd2 49. Qe1 Qxe1+ 50. Rxe1 Ra2 51. Rb3 Ra8 52. Nd3
Rd8 53. Kf1 Rd4 54. Nb4 Rad2 55. Nxc6 Rc4 56. Nxe5 Rxc5 57. Nd3 Rh5 58. h3 Rg5
59. Rb2 Rxd3 60. Reb1 Rxa3 61. Rxb5 Rg6 62. h4 Ra2 63. g4 Rf6 64. R1b3 Rc6 65.
Rb2 Ra3 66. Kg2 Nd6 67. Rb8 Rcc3 68. Rf8 Nc4 69. Rbb8 Ne3+ 70. Kh3 Nf1 71. Rh8+
Kg6 72. Rb6+ Kf7 73. Rb7+ Ke6 74. Re8+ Kd6 75. e5+ Kd5 76. Rd7+ Kc6 77. Rd6+
Kb7 78. Re7+ Kb8 79. Rd8+ Rc8 80. Rxc8+ Kxc8 81. Kg2 Ne3+ 82. Kg3 g5 83. hxg5
hxg5 84. Rg7 Nf1+ 85. Kg2 Nd2 86. e6 Re3 87. Rxg5 Rxe6 88. Rf5 Re2+ 89. Kg3 Kd7
90. g5 Ke6 91. Rf8 Ke7 92. Rf4 Nf1+ 93. Kg4 Nh2+ 94. Kf5 Rf2 95. Re4+ Kf7 96.
f4 Nf3 97. g6+ Kg7 98. Re7+ Kf8 99. Kf6 Rg2 100. g7+ Kg8 101. Re8+ 1-0

[Event "2014 Heroes Day Masters"]
[Site "?"]
[Date "2014.04.27"]
[Round "3"]
[White "Farley, Terry"]
[Black "Harper, Ryan"]
[Result "1-0"]
[WhiteElo "2213"]
[BlackElo "2293"]
[PlyCount "118"]
[EventDate "2014.04.26"]
[SourceDate "2014.04.27"]

1. c4 e5 2. Nc3 Nc6 3. g3 Bc5 4. Bg2 a6 5. d3 Nge7 6. e3 d6 7. Nge2 Ba7 8. Rb1
Be6 9. Nd5 Qd7 10. Qa4 O-O 11. O-O Nxd5 12. cxd5 Nd4 13. Qd1 Nxe2+ 14. Qxe2 Bh3
15. Bxh3 Qxh3 16. Bd2 f5 17. Rbc1 Bb6 18. Rc4 g5 19. Qf3 a5 20. Qg2 Qxg2+ 21.
Kxg2 Rfe8 22. e4 f4 23. f3 Bc5 24. Be1 c6 25. dxc6 bxc6 26. Bc3 Rab8 27. b3 Rb5
28. Ra4 Be3 29. d4 c5 30. dxe5 dxe5 31. Bxa5 c4 32. bxc4 Rb2+ 33. Kh3 h5 34.
Bc7 fxg3 35. hxg3 Re7 36. Ra8+ Kh7 37. Bd6 Re6 38. c5 Rg6 39. g4 Bf4 40. Rh1
Rh6 41. c6 hxg4+ 42. Kxg4 Rxh1 43. c7 Rc1 44. c8=Q Rxc8 45. Rxc8 Kg6 46. Rg8+
Kf7 47. Rb8 Rxa2 48. Kf5 Ra7 49. Rb5 Ke8 50. Bxe5 Rf7+ 51. Bf6 Rf8 52. e5 Kd7
53. e6+ Kc6 54. Ra5 Kd6 55. Ra6+ Kd5 56. e7 Re8 57. Kg6 Bd6 58. Kf7 Bxe7 59.
Bxe7 Rxe7+ 1-0

[Event "2014 Heroes Day Masters"]
[Site "?"]
[Date "2014.04.28"]
[Round "4"]
[White "Amanov, Mesgen"]
[Black "Harper, Ryan"]
[Result "1-0"]
[WhiteElo "2463"]
[BlackElo "2293"]
[PlyCount "63"]
[EventDate "2014.04.26"]
[SourceDate "2014.04.28"]

1. d4 d5 2. c4 e6 3. Nc3 c6 4. e4 dxc4 5. Bxc4 Nf6 6. Nf3 Be7 7. O-O O-O 8. Qe2
b5 9. Bd3 b4 10. e5 Nd5 11. Ne4 Nd7 12. Bd2 Bb7 13. Rac1 Rc8 14. Rfd1 Qb6 15.
Nc5 Nxc5 16. dxc5 Qc7 17. Qe4 g6 18. Bxb4 f5 19. exf6 Bxf6 20. Bc3 Nxc3 21.
bxc3 e5 22. Bc4+ Kg7 23. Rd6 Rce8 24. Rcd1 Re7 25. Be6 Rfe8 26. Bd7 Rd8 27. Bh3
Rde8 28. Bd7 Rd8 29. Rxf6 Qa5 30. Rfd6 Qxc5 31. Qb4 Qxb4 32. cxb4 1-0

[Event "2014 Heroes Day Masters"]
[Site "?"]
[Date "2014.04.28"]
[Round "4"]
[White "Farley, Terry"]
[Black "Warner, Delisle"]
[Result "0-1"]
[WhiteElo "2213"]
[BlackElo "2192"]
[PlyCount "116"]
[EventDate "2014.04.26"]
[SourceDate "2014.04.28"]

1. c4 c5 2. Nc3 b6 3. Nf3 Bb7 4. e4 g6 5. d4 Bg7 6. d5 d6 7. Bd3 Nf6 8. O-O Na6
9. Re1 Nd7 10. Bf4 Ne5 11. Be2 O-O 12. Qd2 Nc7 13. Bh6 a6 14. a4 Qd7 15. Bxg7
Kxg7 16. Nh4 f6 17. f4 Nf7 18. h3 e5 19. dxe6 Qxe6 20. Nd5 Bxd5 21. exd5 Qd7
22. Qc3 Nh6 23. Bd3 Rfe8 24. b3 Rxe1+ 25. Rxe1 Re8 26. Kf2 Rxe1 27. Qxe1 Qe8
28. Qc3 a5 29. Nf3 Kf7 30. g4 Qe7 31. Nd2 Ne8 32. Ne4 Kg8 33. Ng3 Kf8 34. Bc2
Ng8 35. Kf3 Ng7 36. Bd3 Ke8 37. Ne4 Kd7 38. Ng3 Ne8 39. Bb1 Nc7 40. Bc2 Na6 41.
h4 Nb4 42. Bb1 Qf7 43. h5 Ne7 44. hxg6 hxg6 45. Qe1 Nbxd5 46. cxd5 Qxd5+ 47.
Qe4 Qxb3+ 48. Qd3 Qxa4 49. Ne4 Qc6 50. Kg3 d5 51. Nc3 d4 52. Bc2 Qh1 53. Ba4+
Kd8 54. Qb5 Qe1+ 55. Kg2 Qe6 56. Qe8+ Kc7 57. Bd7 Qxd7 58. Nb5+ Kc6 0-1

[Event "2014 Heroes Day Masters"]
[Site "?"]
[Date "2014.04.28"]
[Round "4"]
[White "L'Ami, Alina"]
[Black "Denny, Kevin"]
[Result "1-0"]
[WhiteElo "2415"]
[BlackElo "2295"]
[PlyCount "103"]
[EventDate "2014.04.26"]
[SourceDate "2014.04.28"]

1. d4 Nf6 2. c4 g6 3. Nc3 Bg7 4. e4 d6 5. h3 O-O 6. Bg5 Na6 7. Bd3 e5 8. d5 c6
9. Nge2 cxd5 10. cxd5 Nc5 11. Bc2 a5 12. O-O Bd7 13. a3 a4 14. Qd2 Qe7 15. Ng3
Rfc8 16. Rae1 b5 17. h4 Rab8 18. Na2 Qf8 19. f3 h6 20. Be3 Kh7 21. Nb4 h5 22.
f4 Ng4 23. f5 Qd8 24. Bg5 Qb6 25. Kh1 Be8 26. Bd1 Nb3 27. Bxb3 axb3 28. Rf3 Rc4
29. Ref1 Rbc8 30. Rxb3 Rd4 31. Qe2 Bh6 32. Rbf3 Bxg5 33. hxg5 Qd8 34. f6 Rdc4
35. b3 Rc3 36. Qd2 R3c5 37. Ne2 Qa5 38. Rh3 Qxa3 39. Nc6 b4 40. Ne7 R8c7 41.
Ng3 Rc1 42. Qe2 Rxf1+ 43. Nxf1 Qc1 44. Qxg4 Qxf1+ 45. Kh2 Qf4+ 46. Qxf4 exf4
47. Kg1 Rc1+ 48. Kf2 Bb5 49. g4 fxg3+ 50. Rxg3 Rd1 51. Nc8 h4 52. Rh3 1-0

[Event "2014 Heroes Day Masters"]
[Site "?"]
[Date "2014.04.28"]
[Round "5"]
[White "Warner, Delisle"]
[Black "Amanov, Mesgen"]
[Result "0-1"]
[WhiteElo "2192"]
[BlackElo "2463"]
[PlyCount "58"]
[EventDate "2014.04.26"]
[SourceDate "2014.04.28"]

1. d4 d5 2. c4 c6 3. Nf3 Nf6 4. Nc3 e6 5. e3 a6 6. Bd3 dxc4 7. Bxc4 b5 8. Bd3
c5 9. dxc5 Bxc5 10. O-O Bb7 11. b3 Nbd7 12. Bb2 O-O 13. Rc1 Qe7 14. Qe2 Ba3 15.
Bxa3 Qxa3 16. Nb1 Qa5 17. Rfd1 Rac8 18. Qb2 Rfd8 19. Nbd2 Nc5 20. Bb1 Qb6 21.
Ne5 Qd6 22. Bc2 Qe7 23. Ndf3 h6 24. Qa3 Nd5 25. b4 Nd7 26. Nxd7 Rxd7 27. Ne5
Rdc7 28. Qd3 f5 29. a3 Rc3 0-1

[Event "2014 Heroes Day Masters"]
[Site "?"]
[Date "2014.04.29"]
[Round "6"]
[White "Amanov, Mesgen"]
[Black "Denny, Kevin"]
[Result "1-0"]
[WhiteElo "2463"]
[BlackElo "2295"]
[PlyCount "87"]
[EventDate "2014.04.26"]
[SourceDate "2014.04.29"]

1. d4 Nf6 2. Nf3 g6 3. c4 Bg7 4. g3 O-O 5. Bg2 d6 6. Nc3 c6 7. O-O Qa5 8. e4 e5
9. h3 Nbd7 10. Re1 exd4 11. Nxd4 Ne5 12. Bf1 Re8 13. Be3 c5 14. Nb3 Qb4 15. a3
Qb6 16. Nd2 Qxb2 17. Na4 Qxa1 18. Qxa1 Nxe4 19. Qd1 Bd7 20. Nxe4 Bxa4 21. Qe2
Nc6 22. Bg2 Nd4 23. Bxd4 Bxd4 24. Qd2 Re6 25. Nc3 Rxe1+ 26. Qxe1 Re8 27. Qd2
Bc6 28. Kf1 Bxg2+ 29. Kxg2 Bxc3 30. Qxc3 Re4 31. Qb3 Re7 32. Qd1 Re4 33. Qxd6
Rxc4 34. Qb8+ Kg7 35. Qxb7 Ra4 36. Qb3 Rd4 37. Qc3 f6 38. Qxc5 Rd7 39. a4 Kf7
40. a5 Ke6 41. a6 Kf7 42. Qc6 Ke8 43. h4 f5 44. h5 1-0

[Event "2014 Heroes Day Masters"]
[Site "?"]
[Date "2014.04.29"]
[Round "6"]
[White "Warner, Delisle"]
[Black "Harper, Ryan"]
[Result "0-1"]
[WhiteElo "2192"]
[BlackElo "2293"]
[PlyCount "116"]
[EventDate "2014.04.26"]
[SourceDate "2014.04.29"]

1. d4 Nf6 2. c4 e6 3. Nc3 c5 4. d5 exd5 5. cxd5 d6 6. e4 g6 7. f3 Bg7 8. Bg5 a6
9. Nge2 b5 10. Qd2 Nbd7 11. Ng3 O-O 12. Be2 c4 13. O-O Rb8 14. Bh6 Nc5 15. Bxg7
Kxg7 16. Rab1 a5 17. Kh1 Bd7 18. Nd1 h5 19. Re1 h4 20. Nf1 Qe7 21. Nf2 Rfc8 22.
Ne3 Kh7 23. Qd4 Nh5 24. Neg4 Re8 25. Qd2 Kg8 26. Bf1 f6 27. Kg1 Qg7 28. Rbc1
Na4 29. Rb1 f5 30. exf5 gxf5 31. Ne3 c3 32. bxc3 Qxc3 33. Rbd1 Rbc8 34. Nd3
Qxd2 35. Rxd2 Nc3 36. Kf2 f4 37. Ng4 Nxd5 38. Rxe8+ Bxe8 39. Ne1 Nc3 40. Rxd6
Nxa2 41. Rd5 Nc3 42. Rg5+ Kf8 43. Nd3 a4 44. Nb4 a3 45. Bd3 Rd8 46. Rf5+ Kg8
47. Rg5+ Kh8 48. Ne5 Rd5 49. Nc2 a2 50. Ke1 Nf6 51. Kd2 a1=Q 52. Nxa1 Nfe4+ 53.
fxe4 Nxe4+ 54. Ke2 Nxg5 55. Nc2 Rd6 56. Kd2 Ne4+ 57. Kc1 Nf2 58. Ne1 Rd5 0-1

[Event "2014 Heroes Day Masters"]
[Site "?"]
[Date "2014.04.29"]
[Round "6"]
[White "L'Ami, Alina"]
[Black "Farley, Terry"]
[Result "1/2-1/2"]
[WhiteElo "2415"]
[BlackElo "2213"]
[PlyCount "112"]
[EventDate "2014.04.26"]
[SourceDate "2014.04.29"]

1. d4 Nf6 2. c4 g6 3. Nc3 Bg7 4. e4 d6 5. f3 O-O 6. Be3 Nc6 7. Nge2 a6 8. Qd2
Rb8 9. h4 h5 10. Nc1 e5 11. d5 Nd4 12. Nb3 c5 13. dxc6 bxc6 14. Nxd4 exd4 15.
Bxd4 Re8 16. Rd1 d5 17. cxd5 cxd5 18. e5 Nd7 19. f4 Bh6 20. Qf2 Qa5 21. Bd3 Nf6
22. O-O Ng4 23. Qf3 Qd8 24. g3 Rxb2 25. Nxd5 Nh2 26. Qh1 Nxf1 27. Bxb2 Nxg3 28.
Qg2 Bb7 29. Nf6+ Qxf6 30. exf6 Bxg2 31. Kxg2 Nf5 32. Bxf5 Re2+ 33. Kf3 Rxb2 34.
Rd8+ Kh7 35. Bd3 Rb6 36. f5 Rxf6 37. Ra8 Kg7 38. a4 Bd2 39. Ke2 Bf4 40. fxg6
fxg6 41. Bxa6 Bg3 42. Bb7 Bxh4 43. a5 Rf2+ 44. Ke3 Ra2 45. a6 Bf2+ 46. Kf3 g5
47. Bd5 g4+ 48. Kf4 Ra4+ 49. Kg5 Ra5 50. Rg8+ Kh7 51. Rd8 g3 52. Rd7+ Kh8 53.
Kg6 Rxa6+ 54. Kxh5 Ra5 55. Kg6 Ra6+ 56. Kf5 Ra5 1/2-1/2

[Event "2014 Heroes Day Masters"]
[Site "?"]
[Date "2014.04.28"]
[Round "5"]
[White "Harper, Ryan"]
[Black "L'Ami, Alina"]
[Result "0-1"]
[WhiteElo "2293"]
[BlackElo "2415"]
[PlyCount "127"]
[EventDate "2014.04.26"]
[SourceDate "2014.04.29"]

1. e4 e6 2. d4 d5 3. Nc3 Nf6 4. Bg5 Be7 5. e5 Nfd7 6. h4 f6 7. exf6 Nxf6 8. Nf3
c5 9. Bb5+ Bd7 10. Qe2 O-O 11. Bxd7 Qxd7 12. O-O-O Nc6 13. Rhe1 cxd4 14. Nxd4
Nxd4 15. Rxd4 Bc5 16. Rd3 Rae8 17. Bxf6 gxf6 18. Qg4+ Qg7 19. Qh5 Qf7 20. Qe2
Kh8 21. Qf3 Bb4 22. Re2 Bxc3 23. Rxc3 e5 24. Qf5 d4 25. Rb3 b6 26. g4 Qg6 27.
Rf3 Qh6+ 28. Kd1 Qxh4 29. Re4 Qh6 30. Ra3 Re7 31. Qf3 Qg6 32. Qe2 Rc7 33. Rd3
Rfc8 34. Rd2 Qg8 35. a3 Rc6 36. Qf3 Qg6 37. Qe2 Qg8 38. Qf3 h6 39. Re1 Kg7 40.
Rh1 Qh7 41. Qe2 Rxc2 42. Rxc2 d3 43. Rxc8 dxe2+ 44. Kd2 Qe4 45. Rc7+ Kg6 46.
Re1 Qd4+ 47. Kxe2 Qxb2+ 48. Kf3 Qxa3+ 49. Re3 Qa4 50. Rec3 Qd1+ 51. Kg3 a5 52.
Ra7 e4 53. Re3 Qg1+ 54. Kf4 Qxf2+ 55. Kxe4 a4 56. Rf3 Qe2+ 57. Re3 Qxg4+ 58.
Kd3 b5 59. Ree7 Qc4+ 60. Ke3 a3 61. Rg7+ Kf5 62. Rgc7 Qb3+ 63. Kd4 a2 64. Ra8
0-1

[Event "2014 Heroes Day Masters"]
[Site "?"]
[Date "2014.04.28"]
[Round "5"]
[White "Denny, Kevin"]
[Black "Farley, Terry"]
[Result "0-1"]
[WhiteElo "2295"]
[BlackElo "2213"]
[PlyCount "124"]
[EventDate "2014.04.26"]
[SourceDate "2014.04.29"]

1. e4 c5 2. Nf3 d6 3. Bb5+ Bd7 4. Bxd7+ Qxd7 5. O-O Nc6 6. c3 Nf6 7. Re1 g6 8.
d4 cxd4 9. cxd4 Bg7 10. Nc3 O-O 11. h3 Qd8 12. Be3 Nd7 13. Qd2 Re8 14. Nd5 Rc8
15. Bh6 Bh8 16. Bg5 Nf8 17. Rad1 Ne6 18. e5 Nc7 19. Nxc7 Qxc7 20. Bf4 dxe5 21.
dxe5 Red8 22. Qe3 Rxd1 23. Rxd1 Rd8 24. Rxd8+ Qxd8 25. e6 f5 26. b3 Qd5 27. Kh2
b6 28. h4 Bf6 29. Bc7 Kg7 30. h5 Nd4 31. h6+ Kf8 32. Nxd4 Qxd4 33. Qxd4 Bxd4
34. Kg1 Bc5 35. Bb8 b5 36. a4 bxa4 37. bxa4 Ke8 38. Bc7 Bd6 39. Ba5 Bf4 40. Bc3
Kd8 41. Bd4 a6 42. Bb6+ Kc8 43. Bc5 Bg5 44. Kf1 Kc7 45. Ke2 Kc6 46. Bb4 Kd5 47.
f4 Bxh6 48. Bxe7 Kxe6 49. Bb4 Bxf4 50. Kd3 Kd5 51. Be7 g5 52. Bf8 g4 53. Be7 h5
54. Bd8 Bg3 55. Be7 h4 56. Ke2 Ke4 57. Kf1 f4 58. a5 f3 59. gxf3+ Kxf3 60. Kg1
h3 61. Bd8 Bf2+ 62. Kh1 g3 0-1

[Event "2014 Heroes Day Masters"]
[Site "?"]
[Date "2014.04.29"]
[Round "7"]
[White "L'Ami, Alina"]
[Black "Warner, Delisle"]
[Result "1-0"]
[WhiteElo "2415"]
[BlackElo "2192"]
[PlyCount "81"]
[EventDate "2014.04.26"]
[SourceDate "2014.04.29"]

1. d4 Nf6 2. c4 c5 3. d5 e5 4. Nc3 d6 5. e4 Be7 6. Be2 Nbd7 7. Be3 Nf8 8. h4 h5
9. f3 a6 10. g3 Bd7 11. Nh3 N8h7 12. Nf2 O-O 13. f4 exf4 14. gxf4 b5 15. e5 Ng4
16. Nxg4 hxg4 17. Bxg4 dxe5 18. fxe5 Re8 19. Qf3 Bxg4 20. Qxg4 Bf6 21. exf6
Rxe3+ 22. Kd2 Nxf6 23. Qf4 Rxc3 24. bxc3 bxc4 25. d6 Ra7 26. Kc2 Rd7 27. Rad1
Qa8 28. Rhg1 Qe4+ 29. Qxe4 Nxe4 30. Rd5 Rxd6 31. Rxd6 Nxd6 32. Rg5 f5 33. Rg6
Ne4 34. Rxa6 Kf7 35. Rb6 f4 36. a4 f3 37. a5 Nf2 38. Rb1 Nd3 39. Rf1 Ne5 40. a6
Nc6 41. Rxf3+ 1-0

[Event "2014 Heroes Day Masters"]
[Site "?"]
[Date "2014.04.29"]
[Round "7"]
[White "Denny, Kevin"]
[Black "Harper, Ryan"]
[Result "1-0"]
[WhiteElo "2295"]
[BlackElo "2293"]
[PlyCount "79"]
[EventDate "2014.04.26"]
[SourceDate "2014.04.29"]

1. e4 e5 2. Nf3 Nc6 3. Bb5 Nf6 4. O-O Bc5 5. Nxe5 O-O 6. Bxc6 bxc6 7. d4 Bd6 8.
Nc3 Qe7 9. f4 c5 10. Be3 cxd4 11. Qxd4 c5 12. Qd3 Bxe5 13. fxe5 Qxe5 14. Rf5
Qe6 15. Bxc5 d6 16. Bd4 Nxe4 17. Rf4 Nc5 18. Qg3 Qg6 19. Qxg6 hxg6 20. Rf2 Be6
21. Rd1 Rab8 22. b3 Rfc8 23. h3 Rb7 24. Rfd2 f5 25. Bxc5 dxc5 26. Rd6 Rb6 27.
Rxb6 axb6 28. Rd6 Kf7 29. Kf2 c4 30. b4 Ra8 31. a4 b5 32. a5 Ke7 33. Rb6 Rd8
34. Ke2 Bd7 35. Nd5+ Kf7 36. a6 Be8 37. Nc7 Rc8 38. a7 Rxc7 39. a8=Q Re7+ 40.
Kf2 1-0

[Event "2014 Heroes Day Masters"]
[Site "?"]
[Date "2014.04.29"]
[Round "7"]
[White "Farley, Terry"]
[Black "Amanov, Mesgen"]
[Result "0-1"]
[WhiteElo "2213"]
[BlackElo "2463"]
[PlyCount "126"]
[EventDate "2014.04.26"]
[SourceDate "2014.04.29"]

1. c4 e6 2. Nf3 Nf6 3. g3 d5 4. Bg2 dxc4 5. Qa4+ Nbd7 6. Qxc4 a6 7. O-O b5 8.
Qc2 Bb7 9. b3 Be7 10. Bb2 c5 11. d3 O-O 12. Nbd2 Qb6 13. Rac1 Rfd8 14. e3 Rac8
15. Qb1 Qa7 16. Rfd1 Qa8 17. e4 Nb8 18. Ne5 Nfd7 19. Ndf3 Nxe5 20. Nxe5 Nd7 21.
Nxd7 Rxd7 22. d4 cxd4 23. Rxc8+ Qxc8 24. Rxd4 Rc7 25. Rd1 h6 26. Rc1 Bc5 27. a3
e5 28. Kf1 Bd4 29. Rxc7 Qxc7 30. Qc1 Qd6 31. Qd2 Bc8 32. Bf3 Be6 33. b4 Kf8 34.
Kg2 Ke7 35. Bc3 Bc4 36. h4 f6 37. Kg1 g5 38. hxg5 hxg5 39. Bg4 Bf7 40. Bf5 Bc4
41. Bg4 Kd8 42. Bf5 Kc7 43. Bg4 Qd8 44. Kg2 Kb6 45. Kg1 Kc6 46. Kg2 Qd6 47. Kg1
Bg8 48. Bf5 Kc7 49. Kg2 Bc4 50. Bg4 Qc6 51. Bxd4 Qxe4+ 52. f3 Qxd4 53. Qxd4
exd4 54. Kf2 Kb6 55. Ke1 a5 56. Kd2 axb4 57. axb4 Kc6 58. f4 Kd6 59. Bf5 Kd5
60. Kc2 Bf1 61. Kb3 Be2 62. Bg6 Bd1+ 63. Ka3 Kc4 0-1

[Event "2014 Heroes Day Masters"]
[Site "?"]
[Date "2014.04.30"]
[Round "8"]
[White "Warner, Delisle"]
[Black "Denny, Kevin"]
[Result "1-0"]
[WhiteElo "2192"]
[BlackElo "2295"]
[PlyCount "91"]
[EventDate "2014.04.26"]
[SourceDate "2014.04.30"]

1. d4 Nf6 2. c4 g6 3. Nc3 Bg7 4. e4 d6 5. Bd3 O-O 6. Nge2 a6 7. h3 c6 8. a4 a5
9. Be3 Na6 10. Rc1 e5 11. O-O Nd7 12. Bb1 exd4 13. Bxd4 Bh6 14. f4 Ndc5 15. g4
Be6 16. b3 Qh4 17. Rf3 Bxg4 18. hxg4 Qxg4+ 19. Rg3 Qh4 20. Bf2 Qf6 21. Rf3 Rad8
22. Kg2 Ne6 23. Bg3 Nac5 24. Qh1 g5 25. e5 Qg7 26. f5 g4 27. Rf2 dxe5 28. fxe6
fxe6 29. Rcf1 Rxf2+ 30. Rxf2 Be3 31. Bxe5 Qh6 32. Qxh6 Bxh6 33. Ne4 Nxe4 34.
Bxe4 Be3 35. Rf1 Rd2 36. Re1 h5 37. Bc3 Ra2 38. Bd3 h4 39. Rh1 Bg5 40. Ra1 Rxa1
41. Bxa1 Bd8 42. Be5 Kf7 43. Nf4 Bf6 44. Ng6 Bd8 45. Bc3 Bf6 46. Bxa5 1-0